Every Country to Participate in the European Championship - Statistics

General Stats
  • This quiz has been taken 21 times
  • The average score is 33 of 36
Answer Stats
# Top Finish Team % Correct
7 Quarterfinals Croatia
100%
11 Winner Czech Republic / Czechoslovakia
100%
11 Runners-up England
100%
1 Group Stage Finland
100%
11 Winner France
100%
14 Winner Germany
100%
3 Round of 16 Ireland
100%
11 Winner Italy
100%
1 Group Stage Norway
100%
9 Winner Portugal
100%
12 Winner Russia / Soviet Union / CIS
100%
12 Winner Spain
100%
7 Semi-finals Sweden
100%
6 Semi-finals Turkey
100%
10 Winner Denmark
95%
1 Quarterfinals Iceland
95%
11 Winner Netherlands
95%
5 Quarterfinals Poland
95%
6 Runners-up Serbia / Serbia & Montenegro / Yugoslavia
95%
4 Quarterfinals Ukraine
95%
4 Round of 16 Austria
90%
7 Runners-up Belgium
90%
2 Group Stage Bulgaria
90%
4 Winner Greece
90%
2 Semi-finals Wales
90%
2 Group Stage Albania
85%
5 Semi-finals Hungary
85%
1 Group Stage Latvia
85%
1 Round of 16 Northern Ireland
85%
1 Group Stage North Macedonia
85%
6 Quarterfinals Romania
85%
3 Round of 16 Slovakia
85%
2 Round of 16 Slovenia
85%
6 Quarterfinals Switzerland
85%
4 Group Stage Scotland
80%
1 Round of 16 Georgia
50%
No matching quizzes found
Score Distribution
Percent of People with Each Score
Percentile by Number Answered
Your Score History
You have not taken this quiz